Normal view
MARC view
- AQUEEL, MOMINA
Entry Personal Name
001 - CONTROL NUMBER
- control field: 133141
003 - CONTROL NUMBER IDENTIFIER
- control field: NUST
005 - DATE AND TIME OF LATEST TRANSACTION
- control field: 20260209131443.0
008 - FIXED-LENGTH DATA ELEMENTS
- fixed length control field: 260209|| aca||aabn | a|a d
040 ## - CATALOGING SOURCE
- Original cataloging agency: NUST
- Transcribing agency: NUST
100 ## - HEADING--PERSONAL NAME
- Personal name: AQUEEL, MOMINA
670 ## - SOURCE DATA FOUND
- Source citation: Work cat.: (NUST): AQUEEL, MOMINA, Exploring How Instagram Reels Influence Pakistan’s Tourism Image: A Thematic Content Analysis/
